[Event "IECC CL5-2002.01"]
[Site "IECC email"]
[Date "2002.01.18"]
[Round "?"]
[White "Anderson, Bill"]
[Black "Amadio, Giancarlo"]
[Result "0-1"]
[WhiteElo "1426"]
[BlackElo "1637"]
[PlyCount "26"]
[EventDate "2002.??.??"]
[EventType "tourn (corr)"]
[EventRounds "4"]
[SourceTitle "Corr 2008"]
[Source "ChessBase"]
[SourceDate "2008.06.24"]
[SourceVersion "1"]
[SourceVersionDate "2008.06.24"]
[SourceQuality "1"]

1. d4 Nf6 2. Nf3 d5 3. Bg5 Ne4 4. Bh4 Qd6 5. Nbd2 Qb6 6. Qc1 Nxd2 7. Nxd2 Qxd4 8. Nf3 Qb6 9. e3 e5 10. Be2 Bd6 11. 0-0 e4 12. Nd2 Bxh2+ 13. Kxh2 Qh6 0-1

[Event "IECC CL5-2001.19"]
[Site "IECC email"]
[Date "2001.06.23"]
[Round "?"]
[White "Sahlberg, Mauri Olavi"]
[Black "Anderson, Bill"]
[Result "0-1"]
[WhiteElo "1434"]
[BlackElo "1408"]
[PlyCount "80"]
[EventDate "2001.??.??"]
[EventType "tourn (corr)"]
[EventRounds "4"]
[SourceTitle "Corr 2008"]
[Source "ChessBase"]
[SourceDate "2008.06.24"]
[SourceVersion "1"]
[SourceVersionDate "2008.06.24"]
[SourceQuality "1"]

1. e4 d5 2. exd5 Qxd5 3. Nc3 Qa5 4. d4 Nf6 5. Nf3 Bf5 6. Ne5 c6 7. g4 Be6 8. Bg2 Bd5 9. Bxd5 Nxd5 10. Bd2 Nxc3 11. Bxc3 Qd5 12. Rg1 Nd7 13. Nxd7 Qxd7 14. Qf3 Qd5 15. Qe3 e6 16. h4 0-0-0 17. b4 Be7 18. g5 Qc4 19. a3 Bd6 20. f4 Bxf4 21. Qf3 Rd7 22. Bb2 Qxc2 23. Rg2 Qf5 24. Qf2 Qe4+ 25. Qe2 Qxe2+ 26. Kxe2 Re8 27. Rf1 Bc7 28. Rgf2 Ree7 29. Rf3 Kd8 30. h5 Rd5 31. h6 Rxg5 32. Bc1 Rg2+ 33. Kd3 f5 34. R1f2 Rxf2 35. Rxf2 Rf7 36. Rg2 g6 37. Re2 Kd7 38. Bg5 f4 39. Ke4 Rf5 40. Rf2 Rxg5 0-1